|
|
|
|
| LEADER |
00000nam0a2200000 4500 |
| 001 |
371960 |
| 005 |
20231102012430.0 |
| 035 |
|
|
|a (RuTPU)RU\TPU\retro\29374
|
| 090 |
|
|
|a 371960
|
| 100 |
|
|
|a 20221130d1978 km y0rusy50 ca
|
| 101 |
1 |
|
|a rus
|c eng
|
| 102 |
|
|
|a RU
|
| 105 |
|
|
|a y z 001zy
|
| 200 |
1 |
|
|a Астродинамика
|e пер. с англ.
|h Т. 3
|f С. Херрик
|
| 210 |
|
|
|a Москва
|c Мир
|d 1978
|
| 215 |
|
|
|a 360 с.
|
| 320 |
|
|
|a Библиогр.: с. 350-360
|
| 606 |
1 |
|
|a Астродинамика
|2 stltpush
|3 (RuTPU)RU\TPU\subj\29542
|9 52844
|
| 610 |
1 |
|
|a численное интегрирование
|
| 610 |
1 |
|
|a метод Коуэлла
|
| 610 |
1 |
|
|a метод Энке
|
| 610 |
1 |
|
|a дифференциальные процессы
|
| 610 |
1 |
|
|a метод вариации параметров
|
| 610 |
1 |
|
|a механика Гамильтона
|
| 610 |
1 |
|
|a сфероиды
|
| 610 |
1 |
|
|a теория возмущений
|
| 675 |
|
|
|a 521.1
|v 4
|
| 700 |
|
1 |
|a Херрик
|b С.
|
| 801 |
|
1 |
|a RU
|b 63413507
|c 20221130
|
| 942 |
|
|
|c BK
|